CRC Handbook of Chemistry and Physics : 1981-1982 : A Ready-Reference Book of Chemical and Physical Data /
Enregistré dans:
| Autres auteurs: | , |
|---|---|
| Format: | Livre |
| Langue: | anglais |
| Publié: |
Boca Ratón, EUA :
CRC Press,
1981, c1981
|
| Édition: | 62a ed. |
| Sujets: | |
| Tags: |
Pas de tags, Soyez le premier à ajouter un tag!
|
MARC
| LEADER | 00000nam^a2200000^a^4500 | ||
|---|---|---|---|
| 001 | 000344740 | ||
| 005 | 20250521000000.0 | ||
| 009 | 20260310114659.593 | ||
| 020 | |a 0-8493-0485-7 | ||
| 037 | |a Acervo ITESO - Biblioteca | ||
| 041 | |a ING | ||
| 082 | |a 540. 212 |b CRC 1981 | ||
| 240 | 1 | 1 | |a [CRC Handbook of Chemistry and Physics] |
| 245 | 0 | 0 | |a CRC Handbook of Chemistry and Physics : |b 1981-1982 : A Ready-Reference Book of Chemical and Physical Data / |c Ed. de R.C. Weast, M.J. Astle. |
| 250 | |a 62a ed. | ||
| 264 | 4 | |a Boca Ratón, EUA : |b CRC Press, |c 1981, c1981 | |
| 300 | |a 1 v. (varias paginaciones) | ||
| 336 | |a texto |b txt |2 rdacontenido | ||
| 337 | |a sin mediación |b n |2 rdamedio | ||
| 338 | |a volumen |b nc |2 rdasoporte | ||
| 649 | |a XX | ||
| 650 | |a Química - |x Tablas - |x Tema Principal | ||
| 650 | |a Física - |x Tablas - |x Tema Principal | ||
| 650 | |a Química - |x Anuarios | ||
| 650 | |a Física - |x Anuarios | ||
| 700 | |a Weast, Robert C. |e (edición) | ||
| 700 | |a Astle, Melvin J. |e (edición) | ||
| 910 | |a Fondo General | ||
| 920 | |a Impresos - Libros | ||
| 930 | |a Obras de Referencia | ||
| 905 | |a 102 | ||
| 901 | |a 0500235376 |b IT2 |c REF |i D64453 |u 20250521 | ||
| 902 | |a https://opac.biblio.iteso.mx/vufind/Record/000344740 | ||